Making spaces for community development / (Record no. 849)

MARC details
000 -LEADER
fixed length control field 01248nam a22002777a 4500
001 - CONTROL NUMBER
control field 15513685
005 - DATE AND TIME OF LATEST TRANSACTION
control field 20231120105903.0
008 - FIXED-LENGTH DATA ELEMENTS--GENERAL INFORMATION
fixed length control field 231120b |||||||| |||| 00| 0 eng d
020 ## - INTERNATIONAL STANDARD BOOK NUMBER
International Standard Book Number 9781847422590
020 ## - INTERNATIONAL STANDARD BOOK NUMBER
International Standard Book Number 1847422594
040 ## - CATALOGING SOURCE
Original cataloging agency BTCTA
Transcribing agency KMU
Modifying agency KMU
Description conventions rda
050 00 - LIBRARY OF CONGRESS CALL NUMBER
Classification number HN 49.C6
100 1# - MAIN ENTRY--PERSONAL NAME
Personal name Pitchford, Michael.
245 10 - TITLE STATEMENT
Title Making spaces for community development /
Statement of responsibility, etc. Michael Pitchford ; with Paul Henderson.
260 ## - PUBLICATION, DISTRIBUTION, ETC.
Place of publication, distribution, etc. Bristol, UK :
Name of publisher, distributor, etc. Policy Press ;
Place of publication, distribution, etc. [London] :
Name of publisher, distributor, etc. John Laing :
-- Community Development Foundation,
Date of publication, distribution, etc. 2008.
300 ## - PHYSICAL DESCRIPTION
Extent vi, 134 p. ;
Dimensions 24 cm.
504 ## - BIBLIOGRAPHY, ETC. NOTE
Bibliography, etc. note Includes bibliographical references (p. 113-115) and index.
650 #0 - SUBJECT ADDED ENTRY--TOPICAL TERM
Topical term or geographic name entry element Community development.
700 1# - ADDED ENTRY--PERSONAL NAME
Personal name Henderson, Paul,
Dates associated with a name 1942-
856 42 - ELECTRONIC LOCATION AND ACCESS
Materials specified Publisher description
Uniform Resource Identifier <a href="http://www.loc.gov/catdir/enhancements/fy1201/2008300859-d.html">http://www.loc.gov/catdir/enhancements/fy1201/2008300859-d.html</a>
856 42 - ELECTRONIC LOCATION AND ACCESS
Materials specified Contributor biographical information
Uniform Resource Identifier <a href="http://www.loc.gov/catdir/enhancements/fy1201/2008300859-b.html">http://www.loc.gov/catdir/enhancements/fy1201/2008300859-b.html</a>
856 41 - ELECTRONIC LOCATION AND ACCESS
Materials specified Table of contents only
Uniform Resource Identifier <a href="http://www.loc.gov/catdir/enhancements/fy1602/2008300859-t.html">http://www.loc.gov/catdir/enhancements/fy1602/2008300859-t.html</a>
906 ## - LOCAL DATA ELEMENT F, LDF (RLIN)
a 7
b cbc
c copycat
d 2
e ncip
f 20
g y-gencatlg
942 ## - ADDED ENTRY ELEMENTS (KOHA)
Source of classification or shelving scheme Library of Congress Classification
Koha item type Non-Fiction
Suppress in OPAC No
Holdings
Withdrawn status Lost status Source of classification or shelving scheme Damaged status Not for loan Collection Home library Current library Shelving location Date acquired Source of acquisition Total Checkouts Full call number Barcode Date last seen Price effective from Koha item type
    Library of Congress Classification     Non-fiction Kapasa Makasa University Kapasa Makasa University Open Access 20.11.2023 Book Aid International   HN 49.C6 Pit 746334 20.11.2023 20.11.2023 Non-Fiction
    Library of Congress Classification     Non-fiction Kapasa Makasa University Kapasa Makasa University Open Access 20.11.2023 Book Aid International   HN 49.C6 Pit 746335 20.11.2023 20.11.2023 Non-Fiction